| 000 | 01048nam a22002655a 4500 | ||
|---|---|---|---|
| 003 | OSt | ||
| 005 | 20170408110118.0 | ||
| 008 | 160922s2009 ua frb 000 0 ara d | ||
| 015 | _a2008 / 7850 | ||
| 020 | _a9789770456246 | ||
| 040 |
_aEG-ScBUE _bara _cEG-ScBUE |
||
| 082 | 0 | 4 |
_a345 _bهـ ي ك _222 |
| 100 | 1 | _aهيكل، أمجد. | |
| 245 | 1 | 2 |
_aالمسئولية الجنائية الفردية الدولية أمام القضاء الجنائي الدولي : _bدراسة في إطار القانون الدولي الإنساني / _cأمجد هيكل. |
| 250 | _aط. 2. | ||
| 260 |
_aالقاهرة : _bدار النهضة العربية، _c2009. |
||
| 300 |
_a601 ص. ؛ _c24 سم. |
||
| 504 | _aيشتمل على إرجاعات ببليوجرافية. | ||
| 650 | 7 |
_aالقانون الدولي الجنائي. _2BUEsh |
|
| 650 | 7 |
_aالمسئولية الجنائية. _2BUEsh _941154 |
|
| 650 | 7 |
_aحقوق الإنسان (قانون دولي) _2BUEsh _940977 |
|
| 651 | _2BUEsh | ||
| 653 |
_bLLAAWW _cApril2017 |
||
| 942 | _2ddc | ||
| 999 |
_c24586 _d24558 |
||